000 00238nam a22001097a 4500
999 _c12892
_d12892
020 _a9788131252871
082 _a612.015
100 _aSucheta P Dandekar
245 _aMedical Biochemistry
260 _aIndia
_bElsevier
_c2018
942 _cBK